Nová perspektíva prevencie a terapie osteoporózy : raloxifén - selektívny modulátor estrogénových receptorov

Bibliographic Details
Main Authors: Fedelešová, Viera (Author), Dzúrik, Rastislav, 1929-2014 (Author)
Format: Article
Language:Slovak
PhysicalDescription:Tab.
Subjects:

MARC

LEADER 00000nab a2200000 a 4500
001 vtls000674796
003 SK-MaSNL
005 20260304204202.0
008 250425c1998 xo 0 slo
015 |a SNBRB1998/09-26119 
035 |a CLN000026971 
035 |a urn:nbn:sk:snk-ab34gc 
035 |a (urnnbn)urn:nbn:sk:snk:ar-a05uzk 
035 |a (uuid)e15ec6d5-e358-4fc1-893f-571555cca78f 
040 |a SNKBUCL  |b slo  |c SNKBUCL  |e AACR2 
041 0 |a slo 
044 |a xo  |c SK 
080 |a 615.35  |2 1997 
080 |a 616.71-007.233-08  |2 1997 
100 1 |a Fedelešová, Viera  |4 aut  |9 196803 
245 1 0 |a Nová perspektíva prevencie a terapie osteoporózy : raloxifén - selektívny modulátor estrogénových receptorov  |c Viera Fedelešová, Rastislav Dzúrik 
300 |b Tab. 
504 |a Res. angl., slov. 
504 |a Bibliogr. odkazy 
650 0 7 |a osteoporóza  |2 snkbucl  |9 953 
650 0 7 |a raloxifen  |2 snkbucl  |9 1415399 
650 0 7 |a selektívne modulátory estrogénových receptorov  |2 snkbucl  |9 222092 
655 7 |a články z novín a časopisov  |2 snkbucl  |9 267496 
700 1 |a Dzúrik, Rastislav,  |d 1929-2014  |4 aut  |9 13378 
773 0 |t Praktická gynekológia  |g Roč. 3, č. 5 (1998), s. 140-143 
850 |a Slovenská národná knižnica 
852 |a Slovenská národná knižnica 
954 |a odborná, vedecká literatúra pôvodná (slovenská)  |2 lita 
958 |a article27 
958 |a NB 
958 |a OND 
958 |a EUIPO 
999 |c 3114763  |d 3116693